Contributions to sociology of education in India, V1 (Record no. 1358955)

MARC details
000 -LEADER
fixed length control field 00533nam a2200181Ia 4500
005 - DATE AND TIME OF LATEST TRANSACTION
control field 20250508155724.0
008 - FIXED-LENGTH DATA ELEMENTS--GENERAL INFORMATION
fixed length control field 008 250505s9999 xx 000 0 eng d
037 ## - SOURCE OF ACQUISITION
Stock number Textual
040 ## - CATALOGING SOURCE
Original cataloging agency FEDL
Language of cataloging eng
Transcribing agency FEDL
041 ## - LANGUAGE CODE
Language code of text/sound track or separate title eng
Source of code eng
084 ## - COLON CLASSIFICATION NUMBER
Classification number 370.193, RUH
Assigning agency FEDL
100 ## - MAIN ENTRY--PERSONAL NAME
Personal name Ruthela S. P. Ed.
9 (RLIN) 767353
245 #0 - TITLE STATEMENT
Title Contributions to sociology of education in India, V1
260 ## - PUBLICATION, DISTRIBUTION, ETC.
Place of publication, distribution, etc. New Delhi, India
Name of publisher, distributor, etc. Jain Brothers
Date of publication, distribution, etc. 1969
300 ## - PHYSICAL DESCRIPTION
Extent xiv,151p
942 ## - ADDED ENTRY ELEMENTS (KOHA)
Koha item type Textual
Classification part 370.193, RUH
Holdings
Withdrawn status Lost status Damaged status Not for loan Home library Current library Date acquired Total Checkouts Full call number Barcode Date last seen Price effective from Koha item type
        Department of Education Library Department of Education Library 2025-05-08   370.193, RUH EL0044377 2025-05-08 2025-05-08 Textual
Copyright @ Delhi University Library System